| 000 | 00829cam a2200277 a 4500 | ||
|---|---|---|---|
| 001 | 000003996 | ||
| 003 | DO-SdBNP | ||
| 005 | 20220927102312.0 | ||
| 007 | ta | ||
| 008 | 781020s1985 sp 000 1 spa | ||
| 020 | _a8425316731 | ||
| 040 |
_aDO-SdBNP _bspa _cBNPHU |
||
| 082 | 4 |
_a813.54 _bW187p, 1985 _222 |
|
| 100 | 1 |
_aWallace, Irving, _d1916-1990. _911972 |
|
| 245 | 1 | 3 |
_aEl proyecto paloma / _cIrving Wallace ; traductor María Antonia Menini. |
| 250 | _a5a ed. | ||
| 260 |
_aNew York : _bSimon and Schuster, _c1985. |
||
| 300 |
_a383 p. ; _c23 cm. |
||
| 534 |
_pTítulo original: _tThe pigeon project |
||
| 590 | _aInventariado, 2022 / DG | ||
| 650 | 4 |
_aNovela estadounidense _9262 |
|
| 650 | 4 |
_aLiteratura estadounidense _9263 |
|
| 700 | 1 |
_aMenini, María Antonia, _etr. _911885 |
|
| 910 | _aDG | ||
| 942 |
_2ddc _cLBS1 |
||
| 999 |
_c3815 _d3815 |
||